000 00684nam a2200253Ia 4500
003 OSt
005 20220918163558.0
006 a|||||r|||| 00| 0
007 ta
008 220917b |||||||| |||| 00| 0 eng d
020 _a019 567221 6 (pb)
024 _a232,244
037 _cTextual
040 _aARTS
_cARTS
_beng
041 _2eng
_aeng
082 _aQ8441v, P5
100 _aMcleod W. H.
_93763
245 0 _aSikhs of the khalsa
_b a history of the Khalsa Rahit
260 _aNew Delhi
_bOxford University Press
_c2005
300 _axvi,482p.
_ccm.
650 _aRELIGION
942 _hQ8441v, P5
_cTEXL
_2CC
999 _c120275
_d120275